Le clergé du grand siècle en ses assemblées 1615-1715
Збережено в:
| Автор: | |
|---|---|
| Формат: | Книга |
| Мова: | Іспанська |
| Опубліковано: |
París
Les Editions du Cerf
1995
|
| Предмети: | |
| Теги: |
Додати тег
Немає тегів, Будьте першим, хто поставить тег для цього запису!
|
MARC
| LEADER | 00000nam a2200000 a 4500 | ||
|---|---|---|---|
| 001 | UCS0372 | ||
| 003 | CL-VaPUC | ||
| 008 | 970426e19950000FR |||||||||||||||||spa|d | ||
| 082 | 0 | 4 | |a 274.4 |b BLE |2 21 |
| 100 | 0 | |a Blet, Pierre |e author |9 383745 | |
| 245 | 1 | 3 | |a Le clergé du grand siècle en ses assemblées 1615-1715 |
| 300 | |a 529 p | ||
| 942 | |c BK | ||
| 945 | |d 19970426 00:00:00 |a aalvarez | ||
| 260 | |a París |b Les Editions du Cerf |c 1995 | ||
| 650 | 0 | |a Historia religiosa |9 314583 | |
| 650 | 7 | |a HISTORIA ECLESIASTICA |2 CL-VaPUC |9 383746 | |
| 651 | 0 | |a Francia |9 255157 | |
| 583 | |a last modification |c 19970426 00:00:00 |k Rodrigo Vera | ||
| 999 | |c 258604 |d 258602 | ||
| 952 | |0 0 |1 0 |4 0 |6 274_400000000000000_BLE_1995 |7 0 |8 A |9 282826 |a BIBTEO |b BIBTEO |d 2019-11-19 |i 3290395 |o 274.4 BLE 1995 |p 3290395 |r 2025-01-17 |w 2019-11-19 |y BK |k ICR | ||